[Event "XVII Navalmoral Open"]
[Site "Navalmoral de la Mata ESP"]
[Date "2011.12.05"]
[Round "5"]
[White "Granda Zuniga,J"]
[Black "Fedorchuk,S"]
[Result "0-1"]
[WhiteElo "2636"]
[BlackElo "2632"]

1.d4 Nf6 2.c4 e6 3.Nf3 Bb4+ 4.Nbd2 O-O 5.a3 Be7 6.b4 a5 7.b5 c5 8.bxc6 bxc6
9.c5 d6 10.cxd6 Qxd6 11.e4 Qc7 12.Qc2 c5 13.Bb2 Nbd7 14.Rc1 Qa7 15.Bd3 Ba6
16.Nc4 cxd4 17.Bxd4 Bc5 18.Bxf6 Nxf6 19.O-O Bxc4 20.Qxc4 Bxa3 21.e5 Bxc1
22.Rxc1 Qd7 23.exf6 Rfc8 24.Bxh7+ Kxh7 25.Qh4+ Kg8 26.Re1 Qd8  0-1

[Event "XVII Navalmoral Open"]
[Site "Navalmoral de la Mata ESP"]
[Date "2011.12.06"]
[Round "6"]
[White "Barria Zuniga,D"]
[Black "Granda Zuniga,J"]
[Result "0-1"]
[WhiteElo "2438"]
[BlackElo "2636"]

1.d4 d5 2.c4 dxc4 3.Nf3 Nf6 4.e3 g6 5.Bxc4 Bg7 6.Nc3 O-O 7.O-O a6 8.Bd2 Nc6
9.h3 b5 10.Be2 Bb7 11.Qc2 Qd6 12.Rfd1 e5 13.Be1 exd4 14.Nxd4 Nxd4 15.Rxd4 Qe6
16.Rad1 c5 17.Rd6 Qe5 18.Bf1 Rfe8 19.a4 b4 20.Ne2 Bf8 21.Rb6 Be4 22.Qc4 Bd5
23.Qf4 Nd7 24.Rb7 Bxb7 25.Rxd7 Qxf4 26.Nxf4 Bc6 27.Rc7 Bxa4 28.Nd5 Re6 29.Nf4 Rc6
30.Rb7 Bb5 31.Bxb5 axb5 32.Rxb5 Ra1 33.Kf1 Rb1 34.Nd3 Rd6  0-1

[Event "XVII Navalmoral Open"]
[Site "Navalmoral de la Mata ESP"]
[Date "2011.12.06"]
[Round "7"]
[White "Granda Zuniga,J"]
[Black "Shanava,K"]
[Result "1-0"]
[WhiteElo "2636"]
[BlackElo "2576"]

1.d4 d6 2.c4 g6 3.Nf3 Bg7 4.g3 Nf6 5.Bg2 O-O 6.Nc3 Nc6 7.O-O a6 8.b3 Rb8
9.Bb2 b5 10.cxb5 axb5 11.Qc2 Nb4 12.Qc1 Bf5 13.Rd1 Qc8 14.Ne1 c5 15.dxc5 Qxc5
16.a3 Na6 17.b4 Qa7 18.h3 Rfc8 19.Qd2 Be6 20.Nc2 Bc4 21.Nd4 d5 22.e3 e5 23.Ndxb5 Bxb5
24.Nxb5 Rxb5 25.Qe2 Rb6 26.Bxe5 Ne4 27.Bxg7 Kxg7 28.Rxd5 Nc3 29.Qb2 Rf6 30.Rd2 Na4
31.Qb3 Nb8 32.Rc2 Rxc2 33.Qxc2 Nd7 34.Rd1 Ndb6 35.Bc6 h5 36.Rd4 Re6 37.Rd1 Kh7
38.Rc1 Re7 39.Qb3 Rc7 40.Rc2 Re7 41.Kg2 Kg7 42.h4 Qa6 43.e4 Qa7 44.Qd3 Qb8
45.f4 Kh7 46.e5 Rc7 47.f5 Nb2 48.fxg6+ fxg6 49.Qb5 Nd7 50.Rxb2  1-0

[Event "XVII Navalmoral Open"]
[Site "Navalmoral de la Mata ESP"]
[Date "2011.12.07"]
[Round "8"]
[White "Peralta,Fe"]
[Black "Granda Zuniga,J"]
[Result "1/2-1/2"]
[WhiteElo "2590"]
[BlackElo "2636"]

1.d4 Nf6 2.c4 e6 3.Nc3 Bb4 4.e3 b6 5.Bd3 Bb7 6.Nf3 c5 7.O-O cxd4 8.exd4 Bxc3
9.bxc3 O-O 10.Re1 d6 11.Bf4 Re8 12.Rb1 Nc6 13.Bg5 Ne7 14.Bxf6 gxf6 15.d5 exd5
16.cxd5 Nxd5 17.Qd2 Rxe1+ 18.Rxe1 Ne7 19.Nd4 Ng6 20.Nf5 Qf8 21.Bc4 d5 22.Bxd5 Bxd5
23.Qxd5 Re8 24.Rxe8 Qxe8 25.g3 Qe1+ 26.Kg2 Qxc3 27.Nh6+ Kg7 28.Nf5+ Kg8 29.Qa8+ Nf8
30.Qxa7 Qc6+ 31.Kg1 Qc1+ 32.Kg2 Qc6+ 33.Kg1 Qc1+  1/2-1/2

[Event "XVII Navalmoral Open"]
[Site "Navalmoral de la Mata ESP"]
[Date "2011.12.07"]
[Round "9"]
[White "Granda Zuniga,J"]
[Black "Perez Mitjans,O"]
[Result "1/2-1/2"]
[WhiteElo "2636"]
[BlackElo "2457"]

1.d4 Nf6 2.c4 c5 3.d5 b5 4.cxb5 a6 5.bxa6 Bxa6 6.Nc3 g6 7.g3 d6 8.Bg2 Bg7
9.Nf3 Nbd7 10.O-O Nb6 11.Nd2 O-O 12.Re1 Ng4 13.Qc2 Qd7 14.h3 Nh6 15.b3 Nf5
16.Bb2 Rad8 17.e3 Qc8 18.Nd1 Bxb2 19.Nxb2 Bb7  1/2-1/2

[Event "Open Mundial de Leon Equipos"]
[Site "Leon ESP"]
[Date "2011.12.17"]
[Round "1"]
[White "Granda Zuniga,J"]
[Black "Gonzalez de la Nava,A"]
[Result "1-0"]
[WhiteElo "2636"]
[BlackElo "2295"]

1.Nf3 Nf6 2.g3 e6 3.Bg2 d5 4.c4 Be7 5.O-O c5 6.cxd5 Nxd5 7.d4 O-O 8.e4 Nb6
9.dxc5 Qxd1 10.Rxd1 Bxc5 11.Bf4 Nc6 12.Nc3 f6 13.Nb5 e5 14.Rac1 Na4 15.b3 exf4
16.bxa4 Bb6 17.gxf4 Bg4 18.Nd6 Rad8 19.Nc4 Bc7 20.f5 Bf4 21.Rb1 b6 22.Re1 Bxf3
23.Bxf3 Rd4 24.Nb2 Ne5 25.Bd1 Rfd8 26.Kg2 Bd2 27.Re2 Bf4 28.Bb3+ Kf8 29.Rd1 Bd2
30.Bd5 Bc3 31.Rxd4 Bxd4 32.Kg3 Rc8 33.Nd1 Rc1 34.Bb3 Ke7 35.Rd2 Bc5 36.f4 Nc4
37.Rd3 Nd6 38.Kf3 g6 39.fxg6 hxg6 40.Nc3 Rf1+ 41.Kg2 Rg1+ 42.Kh3 g5 43.Nd5+ Kf8
44.Nxf6 gxf4 45.e5 Nf7 46.Nd7+ Ke7 47.Bxf7 Kxf7 48.Nxc5 bxc5 49.Rc3 Ra1 50.Rxc5 Rxa2
51.Ra5 Ke6 52.Kg4 Rxh2 53.Kxf4 Rh4+ 54.Ke3 Rb4 55.Kd3 Rb7 56.Kc4 Rc7+ 57.Kd4 Rb7
58.Ra6+ Ke7 59.Kd5 Rc7 60.Rh6 Rc1 61.Rh7+ Kd8  1-0

[Event "Open Mundial de Leon Equipos"]
[Site "Leon ESP"]
[Date "2011.12.17"]
[Round "3"]
[White "Granda Zuniga,J"]
[Black "Santos Latasa,J"]
[Result "1-0"]
[WhiteElo "2636"]
[BlackElo "2351"]

1.d4 d5 2.c4 c6 3.cxd5 cxd5 4.Nc3 Nc6 5.Bf4 Nf6 6.e3 Bf5 7.Qb3 Na5 8.Bb5+ Bd7
9.Qa4 Nc6 10.Nf3 a6 11.Bxc6 Bxc6 12.Qb3 e6 13.Ne5 Bd6 14.Nxc6 bxc6 15.Bxd6 Qxd6
16.Na4 Nd7 17.Rc1 O-O 18.O-O Rab8 19.Qd3 Rb5 20.Rc2 Rc8 21.Rfc1 c5 22.Nxc5 Nxc5
23.Qa3 Qb8 24.Rxc5 Rcxc5 25.Rxc5 h6 26.Qc3 Kh7 27.b3 Qb6 28.h4 Rb4 29.Qc2+ g6
30.h5 Kg7 31.hxg6 fxg6 32.Rc6  1-0

[Event "Open Mundial de Leon Equipos"]
[Site "Leon ESP"]
[Date "2011.12.18"]
[Round "6"]
[White "Barrantes Munoz,H"]
[Black "Granda Zuniga,J"]
[Result "0-1"]
[WhiteElo "2205"]
[BlackElo "2636"]

1.Nf3 d5 2.c4 d4 3.b4 c5 4.Bb2 f6 5.d3 e5 6.bxc5 Bxc5 7.g3 Ne7 8.Bg2 Nbc6
9.O-O O-O 10.Ba3 Bxa3 11.Nxa3 Be6 12.Qa4 a6 13.Nc2 Qc7 14.Qa3 b5 15.Nd2 bxc4
16.dxc4 Rab8 17.Rab1 Bf5 18.Be4 Qa5 19.Qxa5 Nxa5 20.Bxf5 Nxf5 21.Nb4 Rfc8
22.Rfc1 Ne7 23.c5 Kf7 24.Ne4 Ke6 25.Nd6 Rd8 26.Nxa6 Rxb1 27.Rxb1 Nd5 28.Rb5 Nc6
29.Rb7 Rd7 30.Rb2 Ra7 31.Nb8 Nxb8 32.Rxb8 Rxa2 33.f4 Rxe2 34.f5+ Kd7 35.Nc4 d3  0-1

[Event "Open Mundial de Leon Equipos"]
[Site "Leon ESP"]
[Date "2011.12.18"]
[Round "8"]
[White "Menendez Rey,J"]
[Black "Granda Zuniga,J"]
[Result "0-1"]
[WhiteElo "2195"]
[BlackElo "2636"]

1.d4 d5 2.Nc3 Nf6 3.Bg5 Nbd7 4.e3 e6 5.Qf3 Be7 6.O-O-O O-O 7.g4 c5 8.h4 a6
9.Bxf6 Bxf6 10.g5 Be7 11.e4 cxd4 12.Rxd4 Bc5 13.Rd1 d4 14.Nce2 Qa5 15.Kb1 Ne5
16.Qg3 Nc4 17.Nc1 Nd2+ 18.Rxd2 Qxd2 19.Bd3 Qb4 20.e5 Bd7 21.Nh3 Bc6 22.Rg1 a5
23.Nf4 a4 24.a3 Qb6 25.Ka1 Qc7 26.Nh5 Kh8 27.f4 Rg8 28.Qg4 Be8 29.Ng3 Rf8
30.Ne4 Be7 31.Nf6 Bxf6 32.gxf6 g6 33.Qg5 Rg8 34.Qh6 Qc5 35.Ne2 Bb5 36.Bxb5 Qxb5
37.Nxd4 Qd5 38.c3 Rad8 39.h5 Qe4 40.Ka2 Rxd4 41.cxd4 Qxd4 42.Rc1 Qd7 43.hxg6 Rxg6
44.Qf8+ Rg8 45.Qh6 Qd3 46.Rc8 Qg3 47.Rf8 b5 48.Rxg8+ Kxg8 49.Qg5+ Qxg5 50.fxg5 h6
51.gxh6 Kh7 52.b3 Kxh6 53.bxa4 bxa4 54.Kb2 Kg5 55.Kc3 Kf5 56.Kb4 Kxe5 57.Kxa4 Kd4
58.Kb5 e5 59.a4 e4 60.a5 e3 61.a6 e2 62.a7 e1=Q 63.a8=Q Qb1+  0-1

[Event "Donostia KO GpA"]
[Site "San Sebastian ESP"]
[Date "2012.01.03"]
[Round "5"]
[White "Dominguez Perez,L"]
[Black "Granda Zuniga,J"]
[Result "1/2-1/2"]
[WhiteElo "2712"]
[BlackElo "2636"]

1.e4 e5 2.Nf3 Nc6 3.Bb5 Nf6 4.d3 d6 5.O-O Bd7 6.Re1 a6 7.Bxc6 Bxc6 8.c4 Be7
9.Nc3 O-O 10.d4 exd4 11.Nxd4 Bd7 12.Bf4 Re8 13.h3 c6 14.a4 a5 15.Qb3 Ra6
16.Rad1 Qb6 17.Qc2 Raa8 18.Nf5 Bxf5 19.exf5 h6 20.Ne4 Nxe4 21.Rxe4 Bf6 22.Rxe8+ Rxe8
23.b3 Be5 24.Bxe5 dxe5 25.Qd3 Qb4 26.f6 gxf6 27.Qg3+ Kf8 28.Rd7 Re7 29.Rd8+ Re8  1/2-1/2

[Event "Donostia KO GpA"]
[Site "San Sebastian ESP"]
[Date "2012.01.03"]
[Round "5"]
[White "Granda Zuniga,J"]
[Black "Dominguez Perez,L"]
[Result "1/2-1/2"]
[WhiteElo "2636"]
[BlackElo "2712"]

1.d4 Nf6 2.Nf3 g6 3.b4 Bg7 4.e3 O-O 5.Be2 b6 6.Bb2 c5 7.dxc5 bxc5 8.b5 a6
9.O-O axb5 10.Bxb5 Bb7 11.c4 Na6 12.Nbd2 Nc7 13.Qc2 Ra7 14.a4 Qa8 15.Ra3 d6
16.Rfa1 Rb8 17.Ne1 Bc6 18.f3 Nd7 19.Bxg7 Kxg7 20.Qc3+ Kg8 21.Nd3 Nb6 22.h4 h5
23.Kf2 Qb7 24.Nb3 Qa8 25.Nd2 Qb7 26.Nb3 Qa8 27.Nd2  1/2-1/2

[Event "39th La Roda Open"]
[Site "La Roda ESP"]
[Date "2012.04.04"]
[Round "1"]
[White "Cano Cabanillas,J"]
[Black "Granda Zuniga,J"]
[Result "0-1"]
[WhiteElo "2016"]
[BlackElo "2640"]

1.e4 c5 2.Na3 Nc6 3.Bb5 Nf6 4.d3 Nd4 5.Nf3 Nxb5 6.Nxb5 a6 7.Nc3 d6 8.h3 b5
9.Bg5 e6 10.d4 h6 11.Bxf6 Qxf6 12.O-O Bb7 13.d5 Be7 14.Re1 e5 15.Ne2 Bc8
16.Ng3 h5 17.Nh2 g6 18.Qf3 Qg7 19.c4 Bd7 20.Rac1 O-O 21.Qe2 h4 22.Ngf1 f5
23.Ne3 fxe4 24.Neg4 Bg5 25.Rcd1 bxc4 26.Qxc4 Rfb8 27.Qc2 Bf5 28.Ne3 Rb4 29.Nhg4 Rd4
30.Qe2 Qd7 31.b3 Kg7 32.Nc4 Rf8 33.Nce3 Qb7 34.Nc4 Qxd5 35.Nge3 Qe6  0-1

[Event "39th La Roda Open"]
[Site "La Roda ESP"]
[Date "2012.04.05"]
[Round "2"]
[White "Granda Zuniga,J"]
[Black "Sanchez Jerez,E"]
[Result "1-0"]
[WhiteElo "2640"]
[BlackElo "2234"]

1.d4 Nf6 2.c4 d6 3.Nc3 e5 4.Nf3 e4 5.Nd2 Bf5 6.e3 g6 7.Be2 h5 8.Qb3 Qc8 9.Bd1 b6
10.Bc2 Qe6 11.Qa4+ Kd8 12.b4 Bg7 13.Bb2 Re8 14.O-O h4 15.Rae1 h3 16.g3 c6
17.b5 c5 18.dxc5 dxc5 19.Nd5 Bh8 20.f3 exf3 21.Bxf5 gxf5 22.Bxf6+ Bxf6 23.Nf4 Qe7
24.Qd1 f2+ 25.Rxf2 a6 26.Nd5 Qe6 27.Nxf6  1-0

[Event "39th La Roda Open"]
[Site "La Roda ESP"]
[Date "2012.04.05"]
[Round "3"]
[White "Badev,K"]
[Black "Granda Zuniga,J"]
[Result "0-1"]
[WhiteElo "2343"]
[BlackElo "2640"]

1.e4 c5 2.Nf3 e6 3.g3 Nc6 4.Bg2 Nf6 5.Nc3 d6 6.d4 cxd4 7.Nxd4 Bd7 8.Nb3 Be7
9.O-O O-O 10.g4 h6 11.Qe2 e5 12.h3 Nd4 13.Qd3 Ne6 14.Be3 a6 15.a4 Rc8 16.Nc1 Bc6
17.N1e2 Nc5 18.Bxc5 dxc5 19.Nd5 Bxd5 20.exd5 c4 21.Qc3 Bc5 22.Rad1 Qb6 23.b3 Bb4
24.Qb2 Bd6 25.Ng3 g6 26.Rb1 Qc5 27.bxc4 Qxc4 28.Qxb7 e4 29.Qb3 Qd4 30.Rbd1 Qe5
31.c4 Bc5 32.Kh1 Rb8 33.f4 Qd6 34.Qc3 e3 35.Ne2 Rfe8 36.Qd3 Rb2 37.Bf3 Bb4
38.h4 Nd7 39.h5 Nc5 40.Qd4 Rd2 41.Rxd2 exd2 42.hxg6 Qxg6 43.f5 Qg5 44.d6 Re3
45.Nf4 Re1 46.Kg2 Nb3 47.Qd3 Qxf4 48.d7 Ba5 49.Qxb3 d1=Q 50.Qxd1 Rxd1 51.Rxd1 Bd8
52.c5 Kg7 53.c6 Qxa4 54.Re1 Qf4 55.Re8 Bc7 56.Kf2 Qd2+ 57.Kf1 a5 58.Rc8 Bb6
59.Be2 Qc1+ 60.Kg2 Qg1+ 61.Kh3 Qe3+  0-1

[Event "39th La Roda Open"]
[Site "La Roda ESP"]
[Date "2012.04.06"]
[Round "4"]
[White "Granda Zuniga,J"]
[Black "Sanchez,Joseph"]
[Result "1-0"]
[WhiteElo "2640"]
[BlackElo "2526"]

1.d4 d5 2.c4 c6 3.Nc3 Nf6 4.cxd5 cxd5 5.Bf4 Nc6 6.e3 Bg4 7.f3 Bd7 8.Nge2 e6
9.Bg3 Qb6 10.Rb1 Rc8 11.Bf2 e5 12.g4 exd4 13.exd4 Be6 14.Bg2 Bd6 15.O-O h5
16.g5 Nd7 17.Qd2 Ne7 18.Nf4 Bxf4 19.Qxf4 O-O 20.Rfe1 Rfe8 21.Bf1 a6 22.Bd3 Qc7
23.Qxc7 Rxc7 24.Na4 Rec8 25.g6 Nf5 26.b4 Kf8 27.Nc5 Nxc5 28.bxc5 Rd7 29.Re5 Ne7
30.Rbe1  1-0

[Event "39th La Roda Open"]
[Site "La Roda ESP"]
[Date "2012.04.06"]
[Round "5"]
[White "Zubarev,Al1"]
[Black "Granda Zuniga,J"]
[Result "1/2-1/2"]
[WhiteElo "2597"]
[BlackElo "2640"]

1.d4 Nf6 2.Nf3 b6 3.g3 Bb7 4.Bg2 e5 5.c4 exd4 6.Qxd4 g6 7.Nc3 Bg7 8.O-O d6
9.Rd1 Nbd7 10.Be3 Rc8 11.Rac1  1/2-1/2

[Event "39th La Roda Open"]
[Site "La Roda ESP"]
[Date "2012.04.07"]
[Round "6"]
[White "Granda Zuniga,J"]
[Black "Bacallao Alonso,Y"]
[Result "1/2-1/2"]
[WhiteElo "2640"]
[BlackElo "2550"]

1.d4 Nf6 2.Nf3 g6 3.b4 Bg7 4.Bb2 O-O 5.e3 b6 6.Be2 c5 7.b5 a6 8.a4 axb5 9.axb5 Rxa1
10.Bxa1 d6 11.O-O Bb7 12.c4 cxd4 13.exd4 e6 14.Nbd2 Nbd7 15.Bb2 Qc7 16.Qb3 Re8
17.Ra1 e5 18.d5 Bh6 19.Nf1 Nc5 20.Qd1 Nce4 21.N3d2 Nc5 22.Ra3 Ra8  1/2-1/2

[Event "39th La Roda Open"]
[Site "La Roda ESP"]
[Date "2012.04.07"]
[Round "7"]
[White "Pardo Simon,D"]
[Black "Granda Zuniga,J"]
[Result "0-1"]
[WhiteElo "2402"]
[BlackElo "2640"]

1.e4 c5 2.Nc3 Nc6 3.Bb5 g6 4.Bxc6 bxc6 5.d3 Bg7 6.f4 d6 7.Nf3 Nh6 8.O-O f5
9.Qe1 O-O 10.e5 Qc7 11.Kh1 Nf7 12.Qg3 Nd8 13.Re1 Ne6 14.Qf2 Bd7 15.b3 Rad8
16.Na4 Bc8 17.Bd2 g5 18.fxg5 dxe5 19.Bc3 Rd5 20.Bb2 Qd6 21.c4 Rxd3 22.Bxe5 Rxf3
23.Qxf3 Bxe5 24.Rad1 Bd4 25.h4 Rd8 26.Nb2 Nf4 27.h5 e5 28.g3 Nh3  0-1

[Event "39th La Roda Open"]
[Site "La Roda ESP"]
[Date "2012.04.08"]
[Round "8"]
[White "Granda Zuniga,J"]
[Black "Korneev,O"]
[Result "1-0"]
[WhiteElo "2640"]
[BlackElo "2597"]

1.Nf3 d5 2.c4 c6 3.e3 Nf6 4.b3 Bg4 5.Bb2 e6 6.h3 Bxf3 7.Qxf3 Nbd7 8.Qd1 Bd6
9.Be2 O-O 10.O-O Qe7 11.d3 Rfe8 12.a3 Rad8 13.Nd2 Be5 14.d4 Bb8 15.c5 e5
16.Re1 exd4 17.exd4 Nf8 18.Bd3 Qc7 19.Nf1 Ne4 20.Qc2 Qf4 21.Re3 Re6 22.Rae1 Rde8
23.g3 Qh6 24.Bxe4 dxe4 25.Rxe4 Qxh3 26.Rh4 Qxh4 27.Rxe6 Qd8 28.Rxe8 Qxe8
29.b4 Nd7 30.d5 cxd5 31.b5 Qe4 32.Qc1 Ne5 33.Nd2 Qe2 34.Bxe5 Qxe5 35.Nf3 Qe7
36.c6 Qxa3 37.cxb7  1-0

[Event "39th La Roda Open"]
[Site "La Roda ESP"]
[Date "2012.04.08"]
[Round "9"]
[White "Salgado Lopez,I"]
[Black "Granda Zuniga,J"]
[Result "1/2-1/2"]
[WhiteElo "2621"]
[BlackElo "2640"]

1.e4 e5 2.Nf3 Nc6 3.Bb5 Nf6 4.d3 d6 5.c3 Bd7 6.O-O a6 7.Ba4 g6 8.Bg5 h6 9.Bh4 Be7
10.Nbd2 g5 11.Bg3 g4 12.Ne1  1/2-1/2

[Event "IV ch-IberoAmerican GpB"]
[Site "Quito ECU"]
[Date "2012.04.14"]
[Round "1.2"]
[White "Barrientos,S"]
[Black "Granda Zuniga,J"]
[Result "0-1"]
[WhiteElo "2519"]
[BlackElo "2640"]

1.e4 e5 2.Nf3 Nc6 3.Bb5 a6 4.Ba4 Nf6 5.O-O Be7 6.Re1 b5 7.Bb3 O-O 8.d4 d6
9.c3 Bg4 10.d5 Na5 11.Bc2 c6 12.h3 Bxf3 13.Qxf3 cxd5 14.exd5 Nc4 15.Nd2 Nb6
16.Nf1 Ne8 17.a4 bxa4 18.Ne3 g6 19.Bxa4 Nxa4 20.Rxa4 Bg5 21.Nc4 Bxc1 22.Rxc1 Nc7
23.Na5 Qg5 24.Rd1 f5 25.Rc4 Qe7 26.Rc6 Rf6 27.Nc4 Rd8 28.Qe3 e4 29.Qf4 Kg7
30.b4 h6 31.h4 Nb5 32.Rc1 Rf7 33.Rxa6 g5 34.Qd2 gxh4 35.Rb6 Nc7 36.Rb7 Qg5
37.Qd4+ Kh7 38.Ra1 Rg8 39.Ne3 Rgg7 40.Raa7 Qg6 41.b5 f4 42.Ng4 f3 43.Rxc7 Rxc7
44.Rxc7 Rxc7 45.Nf6+ Kh8 46.g3 Qg7 47.b6 Re7 48.Qc4 Qxf6 49.Qc8+ Kh7 50.b7 Rxb7
51.Qxb7+ Kg6 52.Qd7 hxg3 53.Qg4+ Kf7 54.Qxe4 g2 55.Qg4 Ke7 56.Qe4+ Kd8 57.Qe3 h5
58.Qb6+ Ke7 59.Qe3+ Kf8 60.Qe4 Kg7 61.Qa4 Qe7 62.Qd4+ Kg8 63.Qd2 Qh4  0-1

[Event "IV ch-IberoAmerican GpB"]
[Site "Quito ECU"]
[Date "2012.04.15"]
[Round "2.2"]
[White "Granda Zuniga,J"]
[Black "Milos,G"]
[Result "0-1"]
[WhiteElo "2640"]
[BlackElo "2593"]

1.d4 Nf6 2.c4 g6 3.Nc3 Bg7 4.e4 d6 5.Nf3 O-O 6.Be2 e5 7.O-O Nc6 8.d5 Ne7
9.Ne1 Nd7 10.Nd3 f5 11.f3 f4 12.b4 Nf6 13.a4 g5 14.a5 Ng6 15.c5 Rf7 16.c6 h5
17.cxb7 Bxb7 18.b5 Bc8 19.Nf2 Bh6 20.Ra4 Rg7 21.h3 Nh4 22.Bd2 Kh8 23.Be1 Qg8
24.Kh2 g4 25.fxg4 hxg4 26.Nxg4 Nxg4+ 27.hxg4 Nxg2 28.Kxg2 Bxg4 29.Bxg4 Rxg4+
30.Kh1 Qg6 31.Ra2 Rg8 32.Qe2 f3 33.Qh2 Rg2  0-1

[Event "IV ch-IberoAmerican GpB"]
[Site "Quito ECU"]
[Date "2012.04.16"]
[Round "4.1"]
[White "Guerra Tulcan,L"]
[Black "Granda Zuniga,J"]
[Result "0-1"]
[WhiteElo "2421"]
[BlackElo "2640"]

1.e4 e5 2.Nf3 Nc6 3.Bb5 a6 4.Ba4 Nf6 5.O-O Be7 6.Re1 b5 7.Bb3 O-O 8.c3 d6
9.h3 Re8 10.d3 Bf8 11.Nbd2 Na5 12.Bc2 c5 13.Nf1 g6 14.Bg5 h6 15.Bxf6 Qxf6
16.Ne3 Be6 17.Qd2 Nc6 18.Bb3 Bg7 19.Bd5 Rac8 20.a4 Ne7 21.Bb7 Rb8 22.Bxa6 bxa4
23.Rxa4 Bxh3 24.Bc4 Bc8 25.b4 g5 26.Qa2 cxb4 27.cxb4 g4 28.Nh2 h5 29.Ra7 Bh6
30.Nhf1 h4 31.b5 Rf8 32.Rc7 Ng6 33.Qa7 g3 34.fxg3 Be6 35.Nf5 Bg5 36.Bxe6 Qxe6
37.gxh4 Nxh4 38.Qf2 Nxf5 39.exf5 Qh6 40.Rb1 Kg7 41.Qf3 Rh8 42.g3 Bd8 43.f6+ Qxf6
44.Qxf6+ Kxf6 45.Rc6 Ke6 46.Kg2 Bg5 47.b6 Rb7 48.Rc3 Ra8 49.Kf3 Ra6 50.Rcb3 Bd8
51.Ne3 Rbxb6 52.Rxb6 Bxb6 53.Nc4 Bc5 54.Rb8 Ra2 55.Rb2 Rxb2 56.Nxb2 d5 57.g4 Bd4
58.Nd1 Kf6 59.Ne3 Bxe3 60.Kxe3 Kg5 61.Kf3 Kh4  0-1

[Event "IV ch-IberoAmerican Final GpA"]
[Site "Quito ECU"]
[Date "2012.04.19"]
[Round "1.1"]
[White "Granda Zuniga,J"]
[Black "Leitao,R"]
[Result "1/2-1/2"]
[WhiteElo "2640"]
[BlackElo "2623"]

1.d4 Nf6 2.c4 e6 3.Nf3 d5 4.e3 Be7 5.b3 O-O 6.Bb2 b6 7.cxd5 exd5 8.Nc3 c5
9.Rc1 Bb7 10.Be2 Nbd7 11.O-O Rc8 12.Rc2 Re8 13.Qb1 a6 14.a4 Bd6 15.Rd1 Qe7
16.g3 h6 17.Bf1 Qe6 18.Bg2 Rc7 19.a5 bxa5 20.dxc5 Nxc5 21.Nd4 Qc8 22.Ncb5 axb5
23.Nxb5 Qd7 24.Nxc7 Qxc7 25.Bxf6 gxf6 26.Bxd5 Bxd5 27.Rxd5 Re5 28.Qd1 Rxd5
29.Qxd5 Bf8 30.Rc4 Qc8 31.Kg2 f5 32.h3 Be7 33.Kf3 Kf8 34.Qe5 f6 35.Qd5 h5
36.g4 fxg4+ 37.hxg4 hxg4+ 38.Rxg4 Ne6 39.Rc4 Ng5+ 40.Ke2 Qh3 41.Qxa5 Qf3+
42.Ke1 Qh1+ 43.Kd2 Qf3 44.Rf4 Ne4+ 45.Kc1 Qh1+ 46.Kc2 Nc5 47.Qb5 Ne6 48.Rf5 Qe4+
49.Qd3 Qc6+ 50.Kb2 Nc5 51.Qc4 Qb6 52.Rh5 Ne6 53.Rb5 Qd6 54.Qd5 Qa3+ 55.Kb1 Qa6
56.f4 Qc8 57.Ra5 Nc7 58.Qc6 Qd8 59.Ra7 Qd1+ 60.Kb2 Nd5 61.Ra8+ Kg7 62.Qc2 Qxc2+
63.Kxc2 Nxe3+ 64.Kd3 Nd5 65.Ke4 Nc3+ 66.Kf5 Kf7 67.Rb8 Nd5 68.Rb5 Nc7 69.Rb6 Nd5
70.Rb7 Nb4 71.Ke4 Ke8 72.Kd4 Nc6+ 73.Kd5 Nb4+ 74.Ke6 Nc6 75.Rb6 Nd4+ 76.Kd5 Ne2
77.f5 Kd7 78.Rb7+ Kd8 79.b4 Nf4+ 80.Kc6 Ke8 81.b5 Nd3 82.Rb8+ Bd8 83.Kd6 Ne5
84.Rb7 Nf7+ 85.Ke6 Ng5+ 86.Kd5 Nf7 87.Ra7 Ne5 88.Rh7 Nf7 89.Rg7 Kf8 90.Rg2 Ke8
91.Ra2 Ne5 92.Ke6 Nd7 93.Ra7 Nc5+ 94.Kd6 Ne4+ 95.Kd5 Ng3 96.Ke6 Ne4 97.Ra8 Nc5+
98.Kd6 Nd7 99.Rc8 Nb6 100.Rc1 Nd7 101.Rh1 Be7+ 102.Kc6 Ne5+ 103.Kc7 Bd8+
104.Kc8 Ba5 105.Kb7 Nd7 106.Kc6 Ne5+ 107.Kd6 Nf7+ 108.Ke6 Bd8 109.Ra1 Ng5+
110.Kd5 Nf7 111.Ra6 Ne5 112.b6 Nd7 113.b7 Bc7 114.Rc6 Be5 115.Rc8+ Ke7 116.Rh8 Nb8
117.Rh7+ Kd8 118.Ke6 Nc6 119.Rf7 Ke8 120.Rh7 Kd8 121.Rg7 Nd4+ 122.Kd5 Nxf5
123.Rg8+ Kd7 124.b8=Q Bxb8 125.Rxb8 Ne7+ 126.Ke4  1/2-1/2

[Event "IV ch-IberoAmerican Final GpA"]
[Site "Quito ECU"]
[Date "2012.04.19"]
[Round "2.3"]
[White "Granda Zuniga,J"]
[Black "Milos,G"]
[Result "1-0"]
[WhiteElo "2640"]
[BlackElo "2593"]

1.d4 Nf6 2.c4 g6 3.Nc3 Bg7 4.e4 d6 5.Nf3 O-O 6.Be2 e5 7.d5 a5 8.Bg5 h6 9.Bh4 Na6
10.Nd2 Bd7 11.O-O Qe8 12.Kh1 Nh7 13.f3 h5 14.Re1 Bh6 15.Bf1 f6 16.Nb3 b6
17.Nc1 f5 18.exf5 gxf5 19.a3 Qg6 20.N1a2 e4 21.b4 e3 22.Bd3 Qg7 23.Ne2 Qb2
24.Qc1 Bg7 25.Nec3 Qxc1 26.Raxc1 f4 27.Re2 axb4 28.axb4 Nb8 29.c5 bxc5 30.bxc5 dxc5
31.Ne4 Na6 32.Bxa6 Rxa6 33.Nxc5 Bb5 34.Nxa6 Bxe2 35.Nxc7 Rb8 36.d6 Nf8 37.Nd5 Be5
38.Nac3 Rb2 39.Bg5 Ne6 40.d7 Bc4 41.Nxf4 Bxf4 42.Bxf4 e2 43.h4 Rc2 44.Nxe2 Rxc1+
45.Nxc1 Bb5 46.Be3 Bxd7 47.Nd3 Kg7 48.Kh2 Bb5 49.Nf2 Kg6 50.g4 Nc7 51.Kg3 Nd5
52.Bd4 Be2 53.Ne4 Bd3 54.Nc5 Bb5 55.Ne6 Kf7 56.Ng7 hxg4 57.fxg4 Bd3 58.Nf5 Kg6
59.h5+ Kh7 60.Be5 Be4 61.Ng7 Bc2 62.Ne6 Bd1 63.Bd4 Be2 64.Kh4 Bd1 65.Kg5 Be2
66.Kf5 Ne7+ 67.Kf4 Nd5+ 68.Kg3 Bd1 69.Ng5+ Kh6 70.Ne6 Kh7 71.Kh4 Bc2 72.g5 Ne7
73.Bc5 Nf5+ 74.Kg4 Ng7 75.g6+ Kg8 76.Nxg7  1-0

[Event "IV ch-IberoAmerican Final GpA"]
[Site "Quito ECU"]
[Date "2012.04.21"]
[Round "3.2"]
[White "Bruzon Batista,L"]
[Black "Granda Zuniga,J"]
[Result "1/2-1/2"]
[WhiteElo "2694"]
[BlackElo "2640"]

1.e4 e5 2.Nf3 Nc6 3.Bb5 Nf6 4.O-O Nxe4 5.d4 Nd6 6.Bxc6 dxc6 7.dxe5 Nf5 8.Qxd8+ Kxd8
9.Nc3 h6 10.h3 Bd7 11.b3 Kc8 12.Bb2 Ne7 13.Rad1 c5 14.Rfe1 a5 15.Ne2 a4 16.Nf4 Be6
17.Nxe6 fxe6 18.c4 Nc6 19.Bc3 Be7 20.Kf1 Rd8 21.Rxd8+ Kxd8 22.g3 Ke8 23.Rd1 g5
24.Ke2 Ra6 25.Nd2 Nb4 26.Bxb4 cxb4 27.Ne4 axb3 28.axb3 Ra3 29.Rd3 Ra2+ 30.Rd2 Ra3
31.Rd3 Ra2+ 32.Rd2 Ra3 33.Rd3 Ra2+  1/2-1/2

[Event "IV ch-IberoAmerican Final GpA"]
[Site "Quito ECU"]
[Date "2012.04.21"]
[Round "4.2"]
[White "Granda Zuniga,J"]
[Black "Leon Hoyos,M"]
[Result "1-0"]
[WhiteElo "2640"]
[BlackElo "2569"]

1.Nf3 c5 2.c4 Nc6 3.Nc3 g6 4.g3 Bg7 5.Bg2 d6 6.O-O Nh6 7.d3 Nf5 8.e3 O-O
9.a3 a6 10.Qc2 Rb8 11.Nd2 Bd7 12.b3 b5 13.Bb2 bxc4 14.dxc4 Ne5 15.Rab1 h5
16.h3 Qc8 17.Nde4 Bc6 18.Rfd1 e6 19.Bc1 Rd8 20.Ne2 d5 21.cxd5 exd5 22.Nxc5 d4
23.e4 Bb5 24.Bg5 d3 25.Qc1 Re8 26.Nc3 Nd4 27.b4 Nef3+ 28.Kh1 Ne2 29.Nxb5 Nxc1
30.Nd6 Qxc5 31.bxc5 Rxb1 32.Bxf3 Re5 33.Be3 Bf8 34.Kg2 d2 35.Nc4 Rxc5 36.Nxd2 Rbb5
37.a4 Ra5 38.Bxc5 Rxc5 39.e5 Bh6 40.e6 fxe6 41.Ne4 Ra5 42.Rd8+ Bf8 43.Bd1 Kf7
44.Bc2 Be7 45.Rd1 Na2 46.Bb3 Nb4 47.f4 Kf8 48.Rc1 Nd5 49.Rc6 Kf7 50.h4 Ne3+
51.Kf2 Ng4+ 52.Ke2 Kg7 53.Rxe6 Bf8 54.Rc6 Be7 55.Rc7 Kf8 56.Rc8+ Kg7 57.Rg8+ Kh7
58.Re8 Ba3 59.Ng5+ Kg7 60.Rg8+ Kf6 61.Ne4+ Kf5 62.Bc2 Nf6 63.Nd2+ Ke6 64.Rxg6 Rc5
65.Bb3+ Ke7 66.Rg7+ Kd8 67.Rf7 Bb2 68.Nc4 Ba1 69.Ra7 Rc6 70.Ra8+ Ke7 71.Kf3 Bd4
72.Rb8 Rc7 73.Ba2 Nd7 74.Rb1 Nf6 75.a5 Nd7 76.Re1+ Kf6 77.Rd1 Bc5 78.Rd5 Kg6
79.Rxd7  1-0

[Event "IV ch-IberoAmerican Final GpA"]
[Site "Quito ECU"]
[Date "2012.04.22"]
[Round "5.3"]
[White "Salgado Lopez,I"]
[Black "Granda Zuniga,J"]
[Result "1-0"]
[WhiteElo "2621"]
[BlackElo "2640"]

1.e4 e5 2.Nf3 Nc6 3.Bb5 Nf6 4.d3 d6 5.c3 Bd7 6.O-O a6 7.Ba4 g6 8.Re1 Bg7
9.Nbd2 O-O 10.Nf1 b5 11.Bc2 Re8 12.h3 Qb8 13.Be3 Qb7 14.Ng3 d5 15.Qc1 dxe4
16.dxe4 Na5 17.Bh6 Nc4 18.b3 Nd6 19.Qg5 a5 20.Qh4 Qc6 21.Re3 b4 22.c4 Bh8
23.Rd1 a4 24.Bg5 Nb7 25.Nf5 axb3 26.Nh6+ Kf8 27.Bxb3 Nc5 28.Nxf7 Kxf7 29.Bxf6 Bxf6
30.Qxh7+ Kf8 31.Nh4 Bxh4 32.Rf3+ Bf6 33.Rxd7 Nxd7 34.c5 Re6 35.Bd5 Qa6 36.c6  1-0

[Event "Granda-Short Rapid Match"]
[Site "Lima PER"]
[Date "2012.05.25"]
[Round "3"]
[White "Granda Zuniga,J"]
[Black "Short,N"]
[Result "1/2-1/2"]
[WhiteElo "2657"]
[BlackElo "2705"]

1.Nf3 c5 2.c4 Nc6 3.Nc3 Nf6 4.g3 b6 5.Bg2 Bb7 6.O-O g6 7.e4 d6 8.a3 Bg7 9.Rb1 Nd7
10.d3 O-O 11.Bd2 Nde5 12.Ne1 Nd4 13.b4 f5 14.f4 Nec6 15.b5 Na5 16.exf5 Bxg2
17.Kxg2 gxf5 18.Ne2 Nb7 19.Nxd4 cxd4 20.Nf3 Qd7 21.Bb4 a5 22.bxa6 Rxa6 23.Re1 Nc5
24.Rb2 Bf6 25.h4 h6 26.Kh2 Rf7 27.Ra2 Rg7 28.Rf2 Qe8 29.Rg2 Qh5 30.Ng1 Qxd1
31.Rxd1 Kf7 32.Rf2 h5 33.Nf3 Ke8 34.Ng5 Kd7 35.Re2 Rg8 36.Nh7 Bg7 37.Ng5 Rga8
38.Rde1 Bf6 39.Nh7 Nxd3 40.Nxf6+ exf6 41.Rd1 Nxb4 42.axb4 Ra2 43.Rg2 R8a4
44.Rxd4 Rxg2+ 45.Kxg2 Rxb4 46.Rd5 Ke6 47.Kf3 Rxc4 48.Rb5 Rc6 49.Kf2 d5 50.Ke3 Rd6
51.Kd4 Kd7 52.Rb3 Kc6 53.Re3 b5 54.Re8 Kc7 55.Re7+ Kb6 56.Rh7 b4 57.Rxh5 Rc6
58.Rh8 Rc3 59.Rg8 Kb5 60.h5 Rc7 61.Rb8+ Ka4 62.Kxd5 b3 63.Ke6 Rh7 64.Ra8+ Kb4
65.Rb8+ Kc4 66.Rc8+ Kb4 67.Rb8+ Kc4 68.Rc8+ Kb4  1/2-1/2